01119nam a22001937a 4500003000900000008004100009040007100050082002300121100003100144245004400175260001800219300003600237505056700273650000900840650001100849650002700860650002500887650001300912AR-CdUCM190416b           ||||| |||| 00| 0 spa d  aMUNICIPALIDAD PROVINCIAL DEL CUSCOcBIBLIOTECA MUNICIPAL DEL CUSCO  aTS / 985.62 /bF83  aFrisancho Pineda, Samuel B  aMonografía del departamento de Puno /  aPuno :c1970.  aTomos ;bIlustraciones,c23 cm.  aContenido: t.1: Fundación de Puno -- Geografía del Departamento del Puno -- Biografías. t.2: Grato esfuerzo a favor de Puno -- Esquema de desarrollo científico y tecnológico en el altiplano puneño por Ignacio Frisancho Pineda -- Discurso pronunciado por el diputado por Puno Dr. Mariano H. Cornejo sobre fundación de un convento en Puno ... t.3: La generación del 40 y el porvenir de Puno -- Breve historia de la fundación de Puno, por Vladimiro Bermejo -- Monografía sintética de la provincia de Lampa, por  Antonieta Belón de Romero ...  aPuno  aPerú  aDescripciones y viajes  aCondiciones sociales  aHistoria